| 000 | 00521cam a22002051 4500 | ||
|---|---|---|---|
| 001 | 3109216 | ||
| 005 | 20171226082312.0 | ||
| 008 | 800915s1942 nyu b 000 0 eng | ||
| 010 | _a 42018206 | ||
| 040 |
_aDLC _cDLC _dDLC |
||
| 041 | _aeng | ||
| 080 | _a330.09 ROL | ||
| 082 | 0 | 0 |
_a330.09 ROL _219 |
| 100 | 1 | _a52 | |
| 101 | _aEKO | ||
| 245 | 0 | 2 |
_aA history of economic thought, _cby Eric Roll ... |
| 504 | _aBibliography: p. 557-561. | ||
| 906 |
_a7 _bcbc _corignew _d1 _eocip _f19 _gy-gencatlg |
||
| 942 |
_2ddc _cBK |
||
| 999 |
_c39418 _d39418 |
||